| 000 | 00452nam a2200145Ia 4500 | ||
|---|---|---|---|
| 008 | 230917s9999||||xx |||||||||||||| ||und|| | ||
| 040 |
_e177874 _aMAIN |
||
| 041 | _aEnglish | ||
| 082 | _a891.43172 SC15S | ||
| 100 | _aसुभाषचन्द | ||
| 245 | 0 | _aस्वातन्त्रयोत्तर हिन्दी कविता में गाँधी-दर्शन | |
| 260 | _c2002 | ||
| 300 | _a318 पृ. p. | ||
| 942 | _cTH | ||
| 999 |
_c124288 _d124288 |
||